000 01073nam a2200313 i 4500
001 000017526
003 DO-SdBNP
005 20240530073918.0
007 ta
008 100326s1960 dr r 000 0 spa d
040 _aDO-SdBNP
_bspa
_cBNPHU
_erda
082 4 _aRD863.44
_bV443b
_222
100 1 _aVeloz Maggiolo, Marcio,
_d1936-2021
_91104
245 1 3 _aEl buen ladrón /
_cMarcio Veloz Maggiolo ; prólogo Antonio Fernández Spencer.
264 _aCiudad Trujillo, República Dominicana :
_bEl Caribe,
_c1960.
300 _a118 páginas ;
_c21 cm.
336 _2rdacontent
_atexto
_btxt
337 _2rdamedia
_asin mediación
_bn
338 _2rdacarrier
_avolumen
_bnc
490 0 _aArquero
500 _aIncluye referencias bibliográficas y notas al pie de las páginas.
590 _aInventariado, 2018/LP
650 0 _aNovela dominicana
_9223
650 0 _aLiteratura dominicana.
_967
700 1 _aFernández Spencer, Antonio,
_d1922-1995
_eprólogo
_922525
830 0 _aArquero
_922890
910 _aValidado. Control de calidad. MFF
942 _2ddc
_cLBS1
999 _c17051
_d17051